| 000 | 00823cam a22002533a 4500 | ||
|---|---|---|---|
| 001 | 22084 | ||
| 003 | PGUSA | ||
| 005 | 20140828083454.0 | ||
| 008 | 070716s2007||||xxu|||||s|||||000 | eng d | ||
| 040 |
_aPGUSA _beng |
||
| 042 | _adc | ||
| 050 | 4 | _aE300 | |
| 100 | 1 |
_aCreswell, John A. J. _q(John Angel James), _d1828-1891 |
|
| 245 | 1 | 0 |
_aOration on the Life and Character of Henry Winter Davis _h[electronic resource] / _cJohn A. J. Creswell |
| 260 |
_bProject Gutenberg, _c2007 |
||
| 506 | _aPublic domain in the USA. | ||
| 516 | _aElectronic text | ||
| 653 | _aAbolitionists -- United States -- Biography | ||
| 653 | _aLegislators -- United States -- Biography | ||
| 653 | _aDavis, Henry Winter, 1817-1865 | ||
| 830 | 0 |
_aProject Gutenberg _v22084 |
|
| 856 | 4 | 0 | _uhttp://www.gutenberg.org/ebooks/22084 |
| 942 | _cEB | ||
| 999 |
_c251339 _d251339 |
||